| 000 | 00435nam a22001817a 4500 | ||
|---|---|---|---|
| 005 | 20230720085357.0 | ||
| 008 | 230720b |||||||| |||| 00| 0 eng d | ||
| 020 | _a9781259814297 | ||
| 082 |
_a658.403 _bBAL-I |
||
| 100 | _a Baltzan, Paige | ||
| 245 | _aInformation systems | ||
| 250 | _a4th | ||
| 260 |
_aUSA _bMcGraw Hill _c2018 |
||
| 300 | _a306p | ||
| 500 | _aIndex Include. | ||
| 650 | _aInformation Technology | ||
| 999 |
_c33073 _d33073 |
||